Transparencia y acceso a la información en las instituciones de educación superior /
La obra se planteó en el marco de la celebración de los 50 años de la Universidad Autónoma Metropolitana (UAM) y la desaparición del Instituto Nacional de Transparencia (INAI) en México. Se indaga sobre los mecanismos de las universidades públicas en el país para garantizar los derechos de acceso a...
Guardado en:
| Autor principal: | |
|---|---|
| Otros autores: | , |
| Formato: | Libro |
| Idioma: | Español |
| Publicado: |
México :
UAM Xochimilco, División de Ciencias Sociales y Humanidades,
2025, c2025
|
| Temas: | |
| Etiquetas: |
Sin etiquetas, Sé el primero en etiquetar este registro!
|
MARC
| LEADER | 00000nam^a2200000^a^4500 | ||
|---|---|---|---|
| 001 | 000627718 | ||
| 005 | 20260210000000.0 | ||
| 009 | 20260310134058.659 | ||
| 020 | |a 978-607-28-3289-3 | ||
| 037 | |a Acervo ITESO - Biblioteca | ||
| 041 | |a ESP | ||
| 082 | |a 379. 1180972 |b ESP | ||
| 100 | |a Espínola Frausto, Dolly |e (coordinación e introducción) | ||
| 245 | 1 | 0 | |a Transparencia y acceso a la información en las instituciones de educación superior / |c Coord. e introd. de D. Espínola Frausto, M.A. San Martín Rebolloso ; presen. de E.I. Sotelo Núñez. |
| 264 | 4 | |a México : |b UAM Xochimilco, División de Ciencias Sociales y Humanidades, |c 2025, c2025 | |
| 300 | |a 186 p. | ||
| 336 | |a texto |b txt |2 rdacontenido | ||
| 337 | |a sin mediación |b n |2 rdamedio | ||
| 338 | |a volumen |b nc |2 rdasoporte | ||
| 520 | |a La obra se planteó en el marco de la celebración de los 50 años de la Universidad Autónoma Metropolitana (UAM) y la desaparición del Instituto Nacional de Transparencia (INAI) en México. Se indaga sobre los mecanismos de las universidades públicas en el país para garantizar los derechos de acceso a la información y protección de datos, así como de la autonomía universitaria y la cultura de la legalidad. | ||
| 521 | |a FIL 2025 DIA | ||
| 649 | |a XX | ||
| 650 | |a Universidad Autónoma de San Luis Potosí | ||
| 610 | |a Universidad Autónoma Metropolitana | ||
| 650 | |a Universidades - |z México (Ciudad) | ||
| 650 | |a Universidades - |z Oaxaca | ||
| 650 | |a Universidades - |z San Luis Potosí | ||
| 650 | |a Universidades - |z México | ||
| 650 | |a Autonomía Universitaria - |z México | ||
| 650 | |a Derecho a la Información - |z México | ||
| 650 | |a Legalidad e Ilegalidad - |z México | ||
| 650 | |a Transparencia Administrativa - |z México - |x Tema Principal | ||
| 650 | |a Administración Educativa | ||
| 650 | |a Administración Pública - |z México | ||
| 650 | |a Educación y Estado - |z México | ||
| 650 | |a Educación Pública - |z México - |x Tema Principal | ||
| 650 | |a Educación Superior - |z México - |x Tema Principal | ||
| 700 | |a San Martín Rebolloso, Marina Alicia |e (coordinación e introducción) | ||
| 700 | |a Sotelo Núñez, Esthela Irene |e (presentación) | ||
| 910 | |a Fondo General | ||
| 920 | |a Impresos - Libros | ||
| 930 | |a Colección General | ||
| 905 | |a 101 | ||
| 901 | |a 627718-10 |b IT1 |c ACC |i C192503 |u 20260210 | ||
| 902 | |a https://opac.biblio.iteso.mx/vufind/Record/000627718 | ||